Rozhodovanie o kapitálovej štruktúre podniku

Charakteristika podmienok pre finančné rozhodovanie podniku. Najdôležitejšie činitele, ktoré ovplyvňujú rozhodovanie o kapitálovej štruktúre podnikov.

Saved in:
Bibliographic Details
Main Author: Bobáková, Viktória
Format: Book Chapter
Language:Slovak
Subjects:
Tags: Add Tag
No Tags, Be the first to tag this record!

MARC

LEADER 00000naa$a2200000$$$4500
001 0085794
005 20240502071956.6
041 0 |a slo 
044 |a SK 
245 1 0 |a Rozhodovanie o kapitálovej štruktúre podniku  |c Viktória Bobáková 
520 |a Charakteristika podmienok pre finančné rozhodovanie podniku. Najdôležitejšie činitele, ktoré ovplyvňujú rozhodovanie o kapitálovej štruktúre podnikov. 
610 2 0 |a štruktúra kapitálová 
610 2 0 |a riadenie finančné 
610 2 0 |a podnik 
610 2 0 |a rozhodovanie finančné 
100 1 |a Bobáková, Viktória